Selections from Ochterlony papers, 1818-1825, in the National Archives of India. (Record no. 74348)

MARC details
000 -LEADER
fixed length control field 00828cam a22002411 4500
001 - CONTROL NUMBER
control field sa 67004268
003 - CONTROL NUMBER IDENTIFIER
control field DLC
005 - DATE AND TIME OF LATEST TRANSACTION
control field 20260227112345.0
008 - FIXED-LENGTH DATA ELEMENTS--GENERAL INFORMATION
fixed length control field 810414s1964 ii 000 0 eng
010 ## - LIBRARY OF CONGRESS CONTROL NUMBER
LC control number sa 67004268
025 ## - OVERSEAS ACQUISITION NUMBER
Overseas acquisition number PL480:I-E-8333
035 ## - SYSTEM CONTROL NUMBER
System control number (OCoLC)7336819
040 ## - CATALOGING SOURCE
Original cataloging agency DLC
Transcribing agency NNU
Modifying agency NNU
-- DLC
042 ## - AUTHENTICATION CODE
Authentication code premarc
050 00 - LIBRARY OF CONGRESS CALL NUMBER
Classification number DS475.2.O3
Item number A5
100 1# - MAIN ENTRY--PERSONAL NAME
Personal name Ochterlony, David,
Titles and words associated with a name Sir,
Dates associated with a name 1758-1825.
245 10 - TITLE STATEMENT
Title Selections from Ochterlony papers, 1818-1825, in the National Archives of India.
Statement of responsibility, etc. Edited by Narendra Krishna Sinha and Arun Kumar Dasgupta.
260 ## - PUBLICATION, DISTRIBUTION, ETC.
Place of publication, distribution, etc. [Calcutta]
Name of publisher, distributor, etc. University of Calcutta,
Date of publication, distribution, etc. 1964.
300 ## - PHYSICAL DESCRIPTION
Extent xxxviii, 489 p.
Dimensions 25 cm.
651 #0 - SUBJECT ADDED ENTRY--GEOGRAPHIC NAME
Geographic name India
General subdivision History
Chronological subdivision British occupation, 1765-1947
General subdivision Sources.
700 1# - ADDED ENTRY--PERSONAL NAME
Personal name Sinha, Narendra Krishna,
Relator term ed.
700 1# - ADDED ENTRY--PERSONAL NAME
Personal name Dasgupta, Arun Kumar,
Relator term ed.

No items available.

Powered by Koha